Resumen en español de la noticia francesa sobre instrumentos enológicos de recisión (Record no. 58526)
[ view plain ]
| 000 -LEADER | |
|---|---|
| campo de control de longitud fija | 00703nam a2200193 i 4500 |
| 001 - NÚMERO DE CONTROL | |
| campo de control | 58526 |
| 003 - IDENTIFICADOR DE NÚMERO DE CONTROL | |
| campo de control | ES-MaACL |
| 005 - FECHA Y HORA DE LA ÚLTIMA TRANSACCIÓN | |
| campo de control | 20230906163828.0 |
| 007 - CAMPO FIJO DE DESCRIPCIÓN FÍSICA--INFORMACIÓN GENERAL | |
| campo de control de longitud fija | t| |
| 008 - DATOS DE LONGITUD FIJA--INFORMACIÓN GENERAL | |
| campo de control de longitud fija | 031022s1908 fr |||| | spa d |
| 100 1# - ENTRADA PRINCIPAL--NOMBRE DE PERSONA | |
| Nombre de persona | Dujardin, J. |
| 9 (RLIN) | 45951 |
| 245 10 - MENCIÓN DEL TÍTULO | |
| Título | Resumen en español de la noticia francesa sobre instrumentos enológicos de recisión |
| Resto del título | : vulgarización de la química enológica y de sus aplicaciones generales a la vinificación / |
| Mención de responsabilidad, etc. | J. Dujardin. |
| 260 ## - PUBLICACIÓN, DISTRIBUCIÓN, ETC. | |
| Lugar de publicación, distribución, etc. | París : |
| Nombre del editor, distribuidor, etc. | Suc. de Salleron, |
| Fecha de publicación, distribución, etc. | [1908] |
| 300 ## - DESCRIPCIÓN FÍSICA | |
| Extensión | 200 p. ; |
| Dimensiones | 25 cm. |
| 500 ## - NOTA GENERAL | |
| Nota general | Corresponde a la 4ª ed. de la noticia francesa. |
| 650 04 - PUNTO DE ACCESO ADICIONAL DE MATERIA--TÉRMINO DE MATERIA | |
| Término de materia o nombre geográfico como elemento de entrada | Enología. |
| 9 (RLIN) | 135989 |
| 650 #4 - PUNTO DE ACCESO ADICIONAL DE MATERIA--TÉRMINO DE MATERIA | |
| Término de materia o nombre geográfico como elemento de entrada | Vinificación. |
| 9 (RLIN) | 156738 |
| 852 ## - LOCALIZACIÓN | |
| Ubicación | ES-MaACL |
| Número de control de estantería | G-5348 |
| Estatus retirado | Estado de pérdida | Estado de daño | No para préstamo | Biblioteca de origen | Biblioteca actual | Ubicación en estantería | Fecha de adquisición | Fuente de adquisición | Total de préstamos | Signatura topográfica completa | Código de barras | Visto por última vez | Precio de reemplazo | Tipo de ítem Koha |
|---|---|---|---|---|---|---|---|---|---|---|---|---|---|---|
| Biblioteca del Ateneo de Madrid | Biblioteca del Ateneo de Madrid | Depósito 2 | 17/01/2008 | G-5348 | 1061407 | 23/02/2023 | 23/02/2023 | Libro impreso |
